000 00720nam a2200217 i 4500
001 85753
003 ES-MaACL
005 20250926063056.0
007 t|
008 041201s1928 fr ||||1| fre d
100 1 _aJung, Carl G.,
_d1875-1961
_967282
245 1 2 _aL'inconscient dans la vie psychique normale et anormale /
_cC. Jung ; traduit de l'allemand par le Dr. Grandjean-Bayard.
260 _aParis :
_bPayot,
_c1928 (
_fVannes Lafolya)
300 _a190 p. ;
_c23 cm.
490 1 _aBibliothèque scientifique
650 0 4 _aPsicoanálisis.
_916530
700 1 _aGrandjean-Bayard, E.
_959610
830 0 _aBibliothèque scientifique
_9181657
852 _aES-MaACL
_jA-2651
999 _c85753
_d85753